{"text_format":"3","workbook":"xls","n_sheets":2,"sheets":["Sheet2","Sheet3"],"read":"whole","date_system":"1900","formulas":"cached_only"}

{"sheet":"Sheet2","index":0,"n_rows":18,"n_cols":6,"rows_kept":18,"merged":[[0,0,0,5],[8,0,8,5],[16,0,16,1],[16,2,16,5],[17,0,17,1],[17,3,17,5]],"flags":["formulas_cached_only"]}
[" 恩施州国投公司153号（原州粮食局食堂）屋面维修工程量清单"]
["序号","项   目","单 位","数 量","单价 ","小计"]
[1,"拆除屋面旧水泥瓦","㎡",160,{"v":15,"d":"15.00"},{"v":2400,"d":"2400.00"}]
[2,"车辆运输及上下车","车",2,{"v":650,"d":"650.00"},{"v":1300,"d":"1300.00"}]
[3,"屋面盖彩钢瓦","㎡",160,{"v":95,"d":"95.00"},{"v":15200,"d":"15200.00"}]
[4,"安装水槽及雨水管","m",28,{"v":30,"d":"30.00"},{"v":840,"d":"840.00"}]
[5,"场地清扫",{"$nulls":3},{"v":200,"d":"200.00"}]
[6,"合计",{"$nulls":3},{"v":19940,"d":"19940.00"}]
[" 恩施州国投公司171.172号（机场路州人大门面）屋面维修工程量清单"]
["序号","项   目","单 位","数 量","单价 ","小计"]
[1,"清扫屋面杂物及旧防水层","㎡",158,{"v":10,"d":"10.00"},{"v":1580,"d":"1580.00"}]
[2,"水泥砂浆倒屋面积水处","㎡",30,{"v":50,"d":"50.00"},{"v":1500,"d":"1500.00"}]
[3,"清理疏通排水管",{"$nulls":3},{"v":200,"d":"200.00"}]
[4,"屋面做防水","㎡",158,{"v":45,"d":"45.00"},{"v":7110,"d":"7110.00"}]
[5,"车辆转运渣子",{"$nulls":3},{"v":650,"d":"650.00"}]
[6,"合计",{"$nulls":3},{"v":11040,"d":"11040.00"}]
["合计金额：",null,"30980.00"]
["审核人：",null,null,"审核单位："]

{"sheet":"Sheet3","index":1,"n_rows":0,"n_cols":0,"rows_kept":0,"flags":["formulas_cached_only"]}